000
00320nam a2200133Ia 4500
008
191201s2005 xx 000 0 und d
082
_a
004.3
_b
KRC
100
_a
KANT, Krishna
245
0
_a
Computer-Based Industrial Control
260
_a
N.Delhi
_b
PHI
_c
2005
300
_a
522
650
_a
B.Tech(ME)
942
_2
ddc
_c
BK
999
_c
1043
_d
1043